MARC details
| 000 -CABECERA |
| campo de control de longitud fija |
02632nam a2200217 u 4500 |
| 001 - NÚMERO DE CONTROL |
| campo de control |
000003238 |
| 003 - IDENTIFICADOR DEL NÚMERO DE CONTROL |
| campo de control |
DO-SdBNP |
| 005 - FECHA Y HORA DE LA ÚLTIMA TRANSACCIÓN |
| campo de control |
20250714133325.0 |
| 008 - DATOS DE LONGITUD FIJA--INFORMACIÓN GENERAL |
| campo de control de longitud fija |
090707s2004 dr a r 001 0 spa d |
| 020 ## - NÚMERO INTERNACIONAL ESTÁNDAR DEL LIBRO |
| Número Internacional Estándar del Libro |
9993430722 |
| 040 ## - FUENTE DE LA CATALOGACIÓN |
| Centro catalogador/agencia de origen |
DO-SdBNP |
| Lengua de catalogación |
spa |
| Centro/agencia transcriptor |
BNPHU |
| 245 00 - MENCIÓN DE TÍTULO |
| Título |
Cooperativismo y administración : |
| Resto del título |
un reto en el nuevo milenio / |
| Mención de responsabilidad, etc. |
presentación Claudio Lugo Pérez. |
| 260 ## - PUBLICACIÓN, DISTRIBUCIÓN, ETC. |
| Lugar de publicación, distribución, etc. |
Santo Domingo : |
| Nombre del editor, distribuidor, etc. |
Banco Central de la República Dominicana, |
| Fecha de publicación, distribución, etc. |
2004. |
| 300 ## - DESCRIPCIÓN FÍSICA |
| Extensión |
141 p. : |
| Otras características físicas |
il. ; |
| Dimensiones |
28 cm. |
| 504 ## - NOTA DE BIBLIOGRAFÍA, ETC. |
| Nota de bibliografía, etc. |
Bibliografía: p. 137-140 |
| 505 0# - NOTA DE CONTENIDO CON FORMATO |
| Nota de contenido con formato |
La Cooperativización, antecedentes, desarrollo y perspectivas -- Cooperación y cooperativización -- Antecedentes de la cooperativización moderna -- La revolución industrial y la cooperativización. Los precursores del cooperativismo -- Rochdale. Punto de inflexión del cooperativismo -- El movimiento cooperativo internacional en la actualidad. La experiencia europea -- El cooperativismo en Estados Unidos y Canadá -- El cooperativismo en los países exsocialistas -- El cooperativismo en Asia y Africa -- Economía social y cooperativismo en la realidad latinoamericana, una alternativa a la globalización neoliberal. Economía social. Una definición -- Cooperativismo en América Latina -- Cooperativismo en el modelo cubano de desarrollo -- El capital norteamericano en Cuba. El latifundio y el minifundio -- Leyes de reforma agraria. Primera ley de reforma agraria -- Transformación de la pequeña producción mercantil en Cuba. |
| 505 0# - NOTA DE CONTENIDO CON FORMATO |
| Nota de contenido con formato |
Etapa. Cooperativismo en Cuba. II Etapa. La cooperativización en desarrollo -- III Etapa. El cooperativismo en la reforma económica -- El cooperativismo en Latinoamérica. Retos y perspectivas ante la globalización neoliberal. En resumen -- Pérdida de la naturaleza yesencia de las cooperativas -- Peculiaridades de la administración de empresas cooperativas -- Principales problemas en la adminsitración en las empresas cooperativas en Latinoamérica -- Cooperativismo agropecuario muy débil -- Marco legal inadecuado y deterioro de las relaciones Estado-cooperativas -- Deficientes procesos de educación cooperativa. Falta de integración -- La gerencia estratégica de costos como una herramienta para desarrollar una ventaja competitiva en las empresas cooperativas -- La contabilidad como ciencia . La contabilidad de gestión en la actividad cooperativa -- Gerencia estratégica de costos. Análisis de la cadena de valor -- Concepto de posicionamiento estratégico. |
| 700 1# - PUNTO DE ACCESO ADICIONAL--NOMBRE DE PERSONA |
| Nombre de persona |
Lugo Pérez, Claudio |
| Término indicativo de función/relación |
presentación |
| 9 (RLIN) |
10211 |
| 710 2# - PUNTO DE ACCESO ADICIONAL--NOMBRE DE ENTIDAD CORPORATIVA |
| Nombre de entidad corporativa o nombre de jurisdicción como elemento de entrada |
Banco Central de la República Dominicana |
| 9 (RLIN) |
83405 |
| 942 ## - ELEMENTOS DE PUNTO DE ACCESO ADICIONAL (KOHA) |
| Fuente del sistema de clasificación o colocación |
Dewey Decimal Classification |
| Tipo de ítem Koha |
Libro |